1157 1095 1707 1001 1326 1001 1638 1283 1269 1700 1967 1964 1005 1515 1665 1356 1223 1529 1138 1934 1584 1919 1446 1101 1969 1536 1744 1864 1337 1082 1560 1824 1889 1714 1883 1493 1583 1690 1613 1744 1594 1515 1779 1087 1758 1118 1607 1101 1295 1524 1463 1646 1427 1074 1127 1621 1098 1058 1515 1994 1315 1591 1054 1418 1507 1528 1959 1016 1509 1426 1910 1357 1182 1886 1562 1970 1991 1799 1252 1394 1158 1730 1096 1503 1837 1242 1975 1754 1015 1855 1518 1454 1384 1554 1469 1396 1871 1744 1873 BCNSPRNW ULIB Ver.6.0+V

เปลี่ยนเป็นภาษาไทย

Change to English
 แสดงรายละเอียดบรรณานุกรม
  กลับหน้าหลัก

Brief Record : Get Marc (ISO 2709) : E-mail record : QR code < ปิดหน้าต่าง
LEADER : 00000nam 2200000uu 4500
001    13399123425
003     ULIB
008    140915s2454||||th 000 0 tha d
099    วจ WY157^bก157ผ
100 0  กรกาญจน์ ปานสุวรรณ
245 00 ผลการใช้โปรแกรมการสอนที่ประยุกต์ทฤษฎีของโอเร็มต่อความรู้และทักษะการดูแลตนเองของหญิงหลังคลอดครรภ์แรก
945    ^p0^l0^i016110
999    ^aเกษร โพธิ์สุวรรณ
รายการนี้ยังไม่มีแท็ก
คุณยังไม่ได้ล็อกอิน คุณสามารถมีกิจกรรมร่วมกับเว็บไซต์ได้ แต่ต้องล็อกอินก่อน ::
  ล็อกอิน

รายการสื่อสารสนเทศ

ลำดับที่ ประเภท เลขเรียก/บาร์โค้ด สถานที่ สถานะ
1. งานวิจัย
งานวิจัย
วจ WY157 ก157ผ ฉ.1 
  Barcode: 016110
ห้องสมุดวิทยาเขตสวรรค์ประชารักษ์
►วิจัย
บนชั้น

BibComment


ยังไม่เคยถูกคอมเมนท์

คอมเมนท์ทรัพยากรรายการนี้
  คอมเมนท์: ผลการใช้โปรแกรมกา..


 Copyright 2026. Bcnsprnw @Library